000 01543nam a22003377a 4500
999 _c23434
_d23434
003 AR-CdUCM
008 260108b2024 spa||||| |||| 00| 0 eng d
020 _a978-612-03-0369-6
040 _aMUNICIPALIDAD PROVINCIAL DEL CUSCO
_cBIBLIOTECA MUNICIPAL DEL CUSCO
041 _hspa
082 _a398.209 /
_bA77
100 _aArroyo Chávez, Justo Román.
_951928
245 _aMaras Urubamba Yucay :
_bTradición, Naturaleza y Cultura /
260 _aCusco
_bJusto Román Arroyo Chávez
300 _a249 Páginas. :
_c15 x 20cm.
500 _zPáginas 201 - 205.
505 _aI. Maras: Descubriendo -- Manifestaciones Culturales -- Aspecto religioso -- El arte -- Portadas -- Las Salineras -- Investigación -- II. Urubamba: Breve reseña histórica de la Sagrada Cruz del Señor de Torrechayoc -- El Valle del Willcamayu -- Atractivos turísticos -- Convento de los Jesuitas -- Sitio Arqueológico de Yanaconas -- III. Yucay: Durante la colonia -- Aspecto religioso....
650 _aExtensión
_951929
650 _aRelieve del suelo
_951930
650 _aMaras Intercomunicado con el Qhapaq Ñan
_951931
650 _aLa iglesia colonial
_951932
650 _aLa fiesta religiosa
_951933
650 _aTemplo Parroquial
_951934
650 _aEstudios de las Relaciones
_951935
650 _aAntecedentes Históricos
_951936
650 _aCasa del Inca Huayna Cápac
_951937
650 _aAndenes de Yucay
_951938
650 _aLa Catedral de Santiago de Oropeza
_951939
942 _2ddc
_cLIBROS
945 _ajmcs
_d31/12/2025